Statistics for Religion by Letter - F

Click here to take the quiz!

General Stats

  • This quiz has been taken 51 times
    (17 since last reset)
  • The average score is 11 of 20

Answer Stats

HintAnswer% Correct
The current popeFrancis
100%
What Muslims do during RamadanFast
93%
One of the parts of "the Trinity"Father
87%
One of the gifts brought to baby JesusFrankincense
80%
Laïcité is the name of the separation
of state and church in this country
France
73%
Muhammad's daughter and Ali's wifeFatimah
67%
Another name for the QuakersFriends
67%
Ancient Greek version of heavenElysian {Fields}
60%
City of Santa Maria del Fiore cathedralFlorence
60%
Islamic order given by a
higher authority
Fatwa
53%
Primary symbol of ZoroastrianismFire
53%
Form of religion that upholds
belief in the strict, literal
interpretation of scripture
Fundamentalism
47%
Tragedy by Goethe about a
bargain with the Devil
Faust
47%
Where Shadrach, Meshach, and
Abednego were thrown into
Furnace
40%
To earn his first bride, King David
killed 200 men and cut off
this part of their bodies
Foreskin
40%
Spiritual and exercise movement
brutally suppressed by China
Falun Gong
40%
What St. Thérèse of Lisieux
was popularly known as
The Little
{Flower}
33%
Second plague of EgyptFrogs
33%
War Pope Urban II call for in 1095First Crusade
33%
Quote of Jesus: I will make
you _______ of men
Fishers
27%

Score Distribution

Percentile by Number Answered

Percent of People with Each Score

Your Score History

You have not taken this quiz since the last reset